MDQL
is popping MORE tags! Check the
thread
!
Quizzes
Events
Quiz Creation
Community
Videos
Private Events
Remove Ads
Sign In
Join for FREE
Feedback
Dark Mode
Quiz Categories
Sports
Geography
Music
Movies
Television
Just For Fun
Miscellaneous
History
Literature
Language
Science
Gaming
Entertainment
Religion
Holiday
For Kids
Quiz Lab
Recent
Popular Today
Quiz Kudos Today
Editor Picks
Curator Picks
Quizzes by...
Day
Popularity
Type
Ratings
Length
Year
Community
Subscriptions
Recent Discussions
Orange Saloon
Badges
Playlists
Quests
Create
Leaderboards
Showdown
Live 5
Trivia Bingo
Activity
Puzzle Library
Sporcle Events
Private Events
Virtual Trivia
Globe League
Become a Host
Pub Owners
SporcleCon
Opinionation
Our Games
Videos
Blog
Mobile Apps
Partnerships
Remove Ads and Go Orange
Feedback
Music
Pop Music
The Beatles
Song
Album
Lyrics
Bands
Singers
Artist
Clip
Rock
Rap
Classical
Billboard
Country Music
Kpop
Taylor Swift
Music
Pop Music
The Beatles
Song
Album
Lyrics
Bands
Singers
Artist
Clip
Rock
Rap
Classical
Billboard
Country Music
Kpop
Taylor Swift
Random Quiz
Search Sporcle
×
Quiz Lab
Quiz Lab
Music
Song
Type in answers that appear in a list
Type in answers that appear in a list
Classic
Best Score? Go Orange.
Can you name all the Rascal Flatts song? Stats
Can you name the can you name all the Rascal Flatts song??
By
rascalflatts426
12m
73 Questions
477 Plays
477 Plays
477 Plays
Comments
Comments
Give Quiz Kudos
Give Quiz Kudos
-
- Ratings
hide this ad
Random Order
Randomize order of answers
Randomize order of answers
Replay
Link that replays current quiz
Next Quiz
Link to next quiz in quiz playlist
You Got
0%
They Got
Avg Score
37%
Avg Friend Score
Upgrade to see
Score Distribution
Jump to the score distribution portion of the page
Score
0/73
Timer
12:00
0
Plays Today
Album
% Correct
Me and My Gang
Me and My Gang
86.4%
Unstoppable
Unstoppable
84.5%
Feels Like Today
Feels Like Today
79.7%
Melt
I Melt
71.7%
Still Feels Good
Here
70.9%
Still Feels Good
Still Feels Good
69.2%
Me and My Gang
What Hurts the Most
67.1%
Me and My Gang
My Wish
65.2%
Me and My Gang
Stand
63.9%
Me and My Gang
Life is a Highway
62.7%
Melt
Mayberry
62.5%
Feels Like Today
Bless The Broken Road
62.5%
Feels Like Today
Skin
60%
Feels Like Today
Fast Cars and Freedom
56%
Unstoppable
Here Comes Goodbye
55.3%
Unstoppable
Summer Nights
54.9%
Unstoppable
Why
52.6%
Still Feels Good
Take Me There
50.7%
Melt
These Days
49.3%
Rascal Flatts
Prayin' for daylight
48%
Still Feels Good
Every Day
48%
Me and My Gang
Backwards
46.5%
Me and My Gang
Ellsworth
41.9%
Melt
Love You Out Loud
40.5%
Still Feels Good
Bob That Head
39.6%
Feels LIke Today
Here's to You
37.9%
Me and My Gang
Cool Thing
37.9%
Still Feels Good
Winner at a Losing Game
35%
Me and My Gang
Pieces
34.6%
Rascal Flatts
I'm Movin' On
33.8%
Rascal Flatts
This Everyday Love
33.5%
Still Feels Good
No Reins
33.3%
Unstoppable
Close
32.7%
Me and My Gang
I Feel Bad
31.9%
Melt
You
31.2%
Me and My Gang
Words I Couldn't Say
31.2%
Unstoppable
Forever
31%
Album
% Correct
Still Feels Good
Secret Smile
30%
Feels Like Today
Holes
29.8%
Unstoppable
Love Who You Love
29.8%
Feels Like Today
Then I Did
29.6%
Me and My Gang
Yes I Do
29.6%
Unstoppable
Once
29.6%
Me and My Gang
He Ain't the Leavin' Kind
29.4%
Feels Like Today
Where You Are
28.5%
Feels Like Today
When the Sand Runs Out
28.3%
Feels Like Today
Oklahoma-Texas Line
27.9%
Unstoppable
Holdin' On
27.3%
Melt
Shine On
27%
Unstoppable
Things That Matter
26.4%
Feels Like Today
The Day Before You
26.2%
Melt
My Worst Fear
25.8%
Me and My Gang
To Make Her Love Me
25.8%
Still Feels Good
She Goes All The Way
25.8%
Feels Like Today
Break Away
24.7%
Rascal Flatts
While You Loved Me
23.7%
Melt
Like I Am
23.7%
Still Feels Good
Help Me Remember
23.1%
Still Feels Good
Better Now
23.1%
Melt
Too Good is True
22.9%
Rascal Flatts
Some Say
22.2%
Melt
Fallin Upside Down
22%
Melt
Dry County Girl
21.2%
Still Feels Good
How Strong Are You Now
21.2%
Rascal Flatts
Long Slow Beautiful Dance
21%
Rascal Flatts
Waiting All My Life
20.8%
Rascal Flatts
See Me Through
19.9%
Rascal Flatts
It's Not Just Me
18.9%
Rascal Flatts
One Good Love
18.7%
Rascal Flatts
From Time to Time
17.2%
Unstoppable(JC Penney Bonus Track)
American Living
10.1%
Still Feels Good
It's Not Suppose To Go Like That
6.3%
Unstoppable
She'd Be Californa
3.8%
Quiz Playlist
Details
Report
Send in Message
Add To Playlist
Classic:
Type in answers that appear in a list
Random Order:
Randomize order of answers
Last Updated: Feb 16, 2017
Quiz Scoreboard
CHALLENGE
Sign Up to Join the Scoreboard
Show All
Scores
Hide
Comments
May contain spoilers
Recently Published
Holiday 10x10 Sorting Gallery
by lukepisani3
Holiday
15m
Two Season TV Shows II
by 123Four
Television
10m
Image Sorting: Flags VI
by Barbecue
Geography
2m
More to Explore
Quiz From the Vault
Featured Blog Post
14 Easter Pick-up Lines to Find Eggs With
hide this ad
You Might Also Like...
Tags
Album Quiz
Song Quiz
flat
rascal
Rascal Flatts
Today's Top Quizzes in Music
Browse Music
hide this ad
Today's Top Quizzes in Song
Browse Song
Top Contributed Quizzes in Music
1
5X2 Blitz: Bands II
2
Taylor Swift All Songs (2024)
3
5X2 Blitz: The Beatles
4
5X2 Blitz: Billboard
5
Music Artist by Three 2010s hits
6
5X2 Blitz: Billboard II
7
5X2 Blitz: Album
8
5X2 Blitz: Rock
9
5X2 Blitz: Singers
10
5X2 Blitz: Lyrics
Explore More
Trending Topics
Anime
Harry Potter
Marvel
Disney
Kpop
NBA
Crossword
WWE
NFL
Pokémon
Soccer
Song
The Office
Country
Puzzle
hide this ad
More By:
rascalflatts426
Quiz
Plays
Rating
Category
Featured
Created
Resident Evil Trivia
1,499
3.17
Gaming
Apr 13, 2012
can you name all the Rascal Flatts song?
477
4.67
Music
Nov 8, 2009
Rascal Flatts Albums
379
3.00
Music
Nov 15, 2009
Go to Creator's Profile
Score Distribution
Quiz Creator Spotlight
rascalflatts426
Follow
Send a Message
Quizzes Created
-
Created Quiz Play Count
-
More By This Creator
Popular Quizzes Today
1
Find the US States - No Outlines Minefield
2
Colored Red Africa Blitz
3
Find the 'City' Movie
4
The Countries of the World
5
5x2 Blitz: Bands
6
Find the US States
7
Find the Countries of Europe - No Outlines Minefield
8
US States
More Music Quizzes
Musical Women by Image A-Z
Published
Trending Quizzes
Colored Red Europe Blitz I
Colored Red Europe Blitz II
Colored Red Africa Blitz II
Colored Red Europe Blitz III
Colored Red Africa Blitz III
Recently Updated
Odd Team Out - Big 4 Players
pecheneg
Quick Pick: 20 Twenties
pecheneg
March Madness Men's Triple Doubles
pecheneg
How Do You Spell That?
pecheneg
Godzilla Movies
pecheneg
Grab Bag: 4-10 Letters
pecheneg
2024 March Madness Bracket
pecheneg
Famous TV Couples
Peacemaker
Champions League XIs: Real Madrid
pecheneg
Largest US Cities 1790-2010
pecheneg
Trending Topics
Disney
Crossword
Anime
NBA
Marvel
Kpop
Harry Potter
WWE
Pokémon
Country
NFL
Soccer
Puzzle
Song
The Office
Your Account Isn't Verified!
In order to create a playlist on Sporcle, you need to verify the email address you used during registration. Go to your
Sporcle Settings
to finish the process.
Report this User
Report this user for behavior that violates our
Community Guidelines
.
Details:
Send Report
Go to the Sporcle.com Mobile Site →
Comments